000
00280nam a2200097 4500
008
240223b |||||||| |||| 00| 0 eng d
245
_a
South Asia bulletin-Vol. X no. 1 (1990)
246
_a
Critical perspectives on class, caste and state in South Asia
260
_c
1990
942
_c
CR
999
_c
4812
_d
4812